[Event "CRO-ch U11"]
[Site "Trogir"]
[Date "2020.08.27"]
[Round "6"]
[White "Bunic, Pavao"]
[Black "Mandaric, Duje"]
[Result "1/2-1/2"]
[WhiteElo "1158"]
[BlackElo "1033"]
[PlyCount "72"]
[EventDate "2020.08.24"]
[EventType "swiss"]
[EventRounds "9"]
[EventCountry "CRO"]
[SourceTitle "CBM 198 Extra"]
[Source "ChessBase"]
[SourceDate "2020.11.30"]
[SourceVersion "1"]
[SourceVersionDate "2020.11.30"]
[SourceQuality "1"]

1. e4 c6 2. d4 d5 3. exd5 cxd5 4. c4 e6 5. Nc3 Nf6 6. Bg5 Bb4 7. a3 Bd6 8. Bxf6 Qxf6 9. cxd5 exd5 10. Nxd5 Qe6+ 11. Qe2 Qxe2+ 12. Bxe2 Be6 13. Nc3 0-0 14. Nf3 Re8 15. 0-0 a6 16. h3 Nd7 17. Nh4 Nf6 18. Nf3 Rac8 19. Rfe1 Bd7 20. Bd3 Rxe1+ 21. Rxe1 Bf4 22. Ne4 Nxe4 23. Rxe4 Rc1+ 24. Re1 Rxe1+ 25. Nxe1 Bc1 26. Be4 Bxb2 27. Bxb7 Bxd4 28. Bxa6 Bc5 29. Nc2 Ba4 30. Nb4 Bd4 31. Nd3 Kf8 32. Kf1 Ke7 33. Ke2 Kd6 34. Bc4 f6 35. f3 g5 36. g3 h5 1/2-1/2

[Event "CRO-chT U16 29th"]
[Site "Sesvete"]
[Date "2020.06.27"]
[Round "3.4"]
[White "Ruk, Robert"]
[Black "Bunic, Pavao"]
[Result "1-0"]
[WhiteElo "1308"]
[BlackElo "1199"]
[PlyCount "83"]
[EventDate "2020.06.20"]
[EventType "team-tourn"]
[EventRounds "9"]
[EventCountry "CRO"]
[SourceTitle "EXT 2021"]
[Source "ChessBase"]
[SourceDate "2020.10.23"]
[SourceVersion "1"]
[SourceVersionDate "2020.10.23"]
[SourceQuality "1"]
[WhiteTeam "Sveta Nedelja"]
[BlackTeam "Koprivnica"]
[WhiteTeamCountry "CRO"]
[BlackTeamCountry "CRO"]

1. e4 e5 2. Nf3 Nc6 3. Bb5 a6 4. Ba4 b5 5. Bb3 h6 6. 0-0 Bc5 7. c3 d6 8. d4 exd4 9. cxd4 Bb6 10. h3 Nf6 11. e5 dxe5 12. dxe5 Qxd1 13. Rxd1 Ne4 14. Bd5 Nxf2 15. Bxc6+ Ke7 16. Bxa8 Nxd1+ 17. Kf1 Rd8 18. Ke2 b4 19. Bd2 Nxb2 20. Bxb4+ c5 21. Ba3 Nc4 22. Nfd2 Nxe5 23. Bb2 f6 24. Bxe5 fxe5 25. Nc4 Bc7 26. Nbd2 Be6 27. Bf3 Rd4 28. Rc1 Bxc4+ 29. Rxc4 Rxc4 30. Nxc4 Kf6 31. Ke3 Ke6 32. Ke4 g6 33. Bg4+ Ke7 34. Nxe5 h5 35. Bc8 a5 36. Nxg6+ Kf6 37. Nf4 Bxf4 38. Kxf4 Ke7 39. Kg5 c4 40. Kxh5 Kf6 41. Ba6 c3 42. Bd3 1-0